[Event "Abu Dhabi op 17th"]
[Site "Abu Dhabi"]
[Date "2007.08.14"]
[Round "3"]
[White "Salem, Ghuloom"]
[Black "Mouradian, Knarik Jacob"]
[Result "1/2-1/2"]
[WhiteElo "2321"]
[BlackElo "2164"]
[PlyCount "29"]
[EventDate "2007.08.12"]
[EventType "swiss"]
[EventRounds "9"]
[EventCountry "UAE"]
[SourceTitle "CBM 119 Extra"]
[Source "ChessBase"]
[SourceDate "2007.09.04"]
[SourceVersion "1"]
[SourceVersionDate "2007.09.04"]
[SourceQuality "1"]

1. e4 c5 2. c3 d5 3. exd5 Qxd5 4. Nf3 e5 5. d4 cxd4 6. cxd4 Nc6 7. Nxe5 Nxe5 8. dxe5 Qxe5+ 9. Be2 Nf6 10. 0-0 Be7 11. Re1 0-0 12. Bf3 Qc7 13. Qb3 Rb8 14. Nc3 Be6 15. Qa4 1/2-1/2

[Event "Abu Dhabi op 15th"]
[Site "Abu Dhabi"]
[Date "2005.08.20"]
[Round "6"]
[White "Moradiabadi, Elshan"]
[Black "Salem, Ghuloom"]
[Result "1/2-1/2"]
[WhiteElo "2485"]
[BlackElo "2318"]
[PlyCount "72"]
[EventDate "2005.08.14"]
[EventType "swiss"]
[EventRounds "9"]
[EventCountry "UAE"]
[SourceTitle "CBM 107 Extra"]
[Source "ChessBase"]
[SourceDate "2005.09.01"]
[SourceVersion "1"]
[SourceVersionDate "2005.09.01"]
[SourceQuality "1"]

1. c4 e5 2. g3 Nc6 3. Bg2 g6 4. Nc3 Bg7 5. Rb1 a5 6. d3 Nf6 7. Nf3 0-0 8. 0-0 d6 9. a3 Nd4 10. b4 axb4 11. axb4 c6 12. b5 Bg4 13. e3 Nxf3+ 14. Bxf3 Bxf3 15. Qxf3 d5 16. bxc6 bxc6 17. cxd5 Nxd5 18. Ne2 f5 19. e4 fxe4 20. Qxe4 Rf7 21. Bb2 Qd6 22. Ra1 Rb8 23. Ba3 Qf6 24. Rac1 Rfb7 25. Nc3 Qe6 26. Qc4 Rb3 27. Bc5 h6 28. Ne4 Rb2 29. Ba3 R2b6 30. Rfe1 Ra8 31. Bc5 Rba6 32. Bd6 Qf7 33. Bc5 Ra2 34. Be3 R8a4 35. Qb3 R4a3 36. Qc4 Ra6 1/2-1/2

[Event "Abu Dhabi op 15th"]
[Site "Abu Dhabi"]
[Date "2005.08.16"]
[Round "3"]
[White "Ahmed, Ishaq"]
[Black "Salem, Ghuloom"]
[Result "0-1"]
[WhiteElo "2079"]
[BlackElo "2318"]
[PlyCount "90"]
[EventDate "2005.08.14"]
[EventType "swiss"]
[EventRounds "9"]
[EventCountry "UAE"]
[SourceTitle "CBM 107 Extra"]
[Source "ChessBase"]
[SourceDate "2005.09.01"]
[SourceVersion "1"]
[SourceVersionDate "2005.09.01"]
[SourceQuality "1"]

1. e4 c5 2. Nf3 d6 3. d4 cxd4 4. Nxd4 Nf6 5. Nc3 a6 6. Be2 e6 7. Be3 Be7 8. 0-0 0-0 9. f4 Nc6 10. Qd2 Bd7 11. Rad1 Qc7 12. Kh1 b5 13. a3 Nxd4 14. Bxd4 Bc6 15. Bf3 e5 16. Bf2 Rac8 17. f5 a5 18. Rc1 Rb8 19. Qe3 b4 20. axb4 axb4 21. Nd5 Nxd5 22. exd5 Bb5 23. Rg1 Rfc8 24. g4 h6 25. h4 Qd7 26. Be4 Bd8 27. Qf3 f6 28. Rg2 Rc4 29. Be3 Qe8 30. Ra1 Bd7 31. Bd3 e4 32. Qf4 exd3 33. Qxc4 Qxe3 34. cxd3 Bb6 35. Qe4 Qh3+ 36. Rh2 Qg3 37. Qg2 Qxd3 38. Rh3 Qd4 39. Re1 Re8 40. Ra1 Bb5 41. g5 Bc4 42. Kh2 Bxd5 43. Qc2 Qf4+ 44. Rg3 Bf2 45. Qd3 Bxg3+ 0-1

[Event "Abu Dhabi op 13th"]
[Site "Abu Dhabi"]
[Date "2003.08.23"]
[Round "7"]
[White "Salem, Ghuloom"]
[Black "Ezat, Mohamed Mahmoud"]
[Result "0-1"]
[WhiteElo "2341"]
[BlackElo "2410"]
[PlyCount "100"]
[EventDate "2003.08.16"]
[EventType "swiss"]
[EventRounds "9"]
[EventCountry "UAE"]
[SourceTitle "CBM 097"]
[Source "ChessBase"]
[SourceDate "2003.11.11"]
[SourceVersion "1"]
[SourceVersionDate "2003.11.11"]
[SourceQuality "1"]

1. e4 c6 2. d4 d5 3. Nc3 dxe4 4. Nxe4 Nd7 5. Ng5 Ngf6 6. Bd3 e6 7. N1f3 Bd6 8. Qe2 h6 9. Ne4 Nxe4 10. Qxe4 Nf6 11. Qe2 b6 12. 0-0 Qc7 13. Ne5 Bb7 14. Bf4 0-0 15. Rad1 Rad8 16. Rfe1 c5 17. dxc5 Bxc5 18. Bg3 Qe7 19. c3 Ba8 20. a4 Qb7 21. Qf1 Nd5 22. Bb5 Qc8 23. Bh4 Be7 24. Bxe7 Nxe7 25. Qe2 Qc7 26. Nd7 Rfe8 27. Qe5 Qb7 28. Qg3 Nf5 29. Qg4 Kh8 30. Ne5 Rf8 31. Rxd8 Rxd8 32. Bc6 Qc7 33. Bxa8 Rxa8 34. Qh5 Kg8 35. g4 Nd6 36. g5 hxg5 37. Re3 g6 38. Nxg6 fxg6 39. Qxg6+ Qg7 40. Rxe6 Rd8 41. Rxd6 Rxd6 42. Qxd6 Qf7 43. Qd8+ Kh7 44. Qxg5 Qb3 45. Qe7+ Kh6 46. Qb4 Qd1+ 47. Kg2 Qd5+ 48. Kg3 Qd3+ 49. f3 Qf1 50. Qf4+ Kg6 0-1

[Event "Abu Dhabi op 13th"]
[Site "Abu Dhabi"]
[Date "2003.08.17"]
[Round "2"]
[White "Coleman, James"]
[Black "Salem, Ghuloom"]
[Result "1/2-1/2"]
[WhiteElo "2211"]
[BlackElo "2341"]
[PlyCount "40"]
[EventDate "2003.08.16"]
[EventType "swiss"]
[EventRounds "9"]
[EventCountry "UAE"]
[SourceTitle "CBM 097"]
[Source "ChessBase"]
[SourceDate "2003.11.11"]
[SourceVersion "1"]
[SourceVersionDate "2003.11.11"]
[SourceQuality "1"]

1. d4 a6 2. Nf3 Nf6 3. Bg5 Ne4 4. Bf4 d5 5. Nbd2 Bf5 6. e3 Nxd2 7. Qxd2 e6 8. Bd3 Bxd3 9. Qxd3 Bd6 10. Bxd6 Qxd6 11. 0-0 0-0 12. c4 f6 13. Rac1 Nc6 14. cxd5 exd5 15. Nd2 Rae8 16. Qb3 Nd8 17. Qc3 c6 18. Nf3 Nf7 19. Qc5 Qxc5 20. Rxc5 g5 1/2-1/2

[Event "Dubai op"]
[Site "Dubai"]
[Date "2002.04.16"]
[Round "2"]
[White "Zibaei, Abdoulla"]
[Black "Salem, Ghuloom"]
[Result "0-1"]
[WhiteElo "2127"]
[BlackElo "2351"]
[PlyCount "34"]
[EventDate "2002.04.15"]
[EventType "swiss"]
[EventRounds "9"]
[EventCountry "UAE"]
[SourceTitle "CBM 087 Extra"]
[Source "ChessBase"]
[SourceDate "2002.05.03"]
[SourceVersion "2"]
[SourceVersionDate "2002.08.09"]
[SourceQuality "1"]

1. e4 e5 2. Nf3 Nc6 3. Bb5 Nf6 4. d3 Bc5 5. c3 d6 6. 0-0 0-0 7. Qe2 Qe7 8. Re1 Bg4 9. h3 Bh5 10. Nbd2 a6 11. Ba4 b5 12. Bb3 Bb6 13. Nf1 Na5 14. Bc2 c5 15. Ng3 Bg6 16. Nh4 Qe6 17. Nhf5 h6 0-1

[Event "Abu Dhabi op 11th"]
[Site "Abu Dhabi"]
[Date "2001.08.26"]
[Round "2"]
[White "Rizouk, Aimen"]
[Black "Salem, Ghuloom"]
[Result "0-1"]
[WhiteElo "2442"]
[BlackElo "2295"]
[PlyCount "70"]
[EventDate "2001.08.25"]
[EventType "swiss"]
[EventRounds "9"]
[EventCountry "UAE"]
[SourceTitle "EXT 2002"]
[Source "ChessBase"]
[SourceDate "2001.11.25"]
[SourceVersion "1"]
[SourceVersionDate "2001.11.25"]
[SourceQuality "1"]

1. e4 d6 2. d4 Nf6 3. Nc3 g6 4. Be3 Bg7 5. Qd2 c6 6. Nf3 b5 7. Bd3 Bg4 8. e5 b4 9. Ne2 Nd5 10. Bh6 Bxh6 11. Qxh6 Bxf3 12. gxf3 dxe5 13. dxe5 Nd7 14. Qg7 Rf8 15. f4 Nc5 16. Qxh7 b3 17. axb3 Nxd3+ 18. cxd3 Nb4 19. Rd1 Nxd3+ 20. Kf1 Qd5 21. Rg1 Qxb3 22. Rd2 Nxb2 23. e6 Qxe6 24. Nd4 Qf6 25. Qh3 Nc4 26. Rd1 Nb6 27. Rg3 Rh8 28. Qg2 c5 29. Nc6 Qxf4 30. Re1 e6 31. Ne5 Rc8 32. Rf3 Qxh2 33. Nxf7 Qh1+ 34. Qg1 Qxf3 35. Rxe6+ Kf8 0-1